01001nam a22001817a 450000500170000000800410001702000180005804000070007604100080008308200200009110000170011124500420012826000210017030000260019136500620021752005100027965000300078920220303124345.0220225b ||||| |||| 00| 0 eng d a9780141342603 cAL aeng 223a813.6bRIOM aRick Riordan aMagnus chase and the ship of the dead aUKbPuffinc2018 a418p.bPBc19.5x13cm. 2Generala5944b₹319.20c₹d₹399.00e20%f18-02-2022 aWinner of the Goodreads Choice Award 2017 for Best Middle Grade and Children's Loki the trickster god is free from his chains. Now he's readying Naglfar, the Ship of the Dead, armed with a host of giants and zombies, to sail against the Norse gods and begin the final battle of Ragnarok. It's up to Magnus Chase and his friends to stop Loki's plans. Along the way, they will face angry sea gods, hostile giants and an evil fire-breathing dragon. But Magnus's biggest challenge will be facing his own inner 2FictionaAmerican Fiction